000 00521nam a2200181Ia 4500
003 GCL
008 140319s9999 xx 000 0 ara d
040 _aGCL /
_cGCL
082 0 4 _a635.9
_bح ن
100 1 _aحسين النجار
245 1 0 _aنباتات الزينة وتنسيق الحدائق واشجار الفاكهة /
_cحسين النجار
300 _a411
490 _a100 قصة
_v0
650 0 4 _aالحدائق
650 0 4 _aنباتات الزينة
650 0 4 _aالتنسيق
942 _2ddc
_cBK
999 _c43757
_d43757